| 000 | 01484nmm a2200349 a 4500 | ||
|---|---|---|---|
| 001 | ocm000964919 | ||
| 003 | TR-IsHL | ||
| 005 | 20201028150658.0 | ||
| 008 | 150110s2012 tu tur | ||
| 007 | cr cn | ||
| 020 | _a9789757837992 | ||
| 035 |
_a964919 _b(N$T) |
||
| 050 | 0 | 4 |
_aDK510.763 _b.A44192013 2012 |
| 090 | 0 | 4 |
_aDK510.763 _b.A44192013 2012 |
| 100 | 1 | _aAlleg, Henri | |
| 245 | 1 | 0 |
_aBüyük geri sıçrama: yıkıntı ve umut Rusyası'nda röportaj _h[electronic resource] / _cHenri Alleg ; çeviren Kerem Kurtgözü |
| 250 | _aİkinci Basım :Ocak 2013 | ||
| 260 |
_aİstanbul : _bEvrensel Basım Yayın, _c2012 |
||
| 300 | _a183 p. | ||
| 500 |
_aEserin özgün adı: Le grand bond en arriere reportage dans une Russie de ruines et d'espérance. _xKaynakça var. _x |
||
| 650 | 4 | _aPolitika ve Uluslararası İlişkiler | |
| 650 | 4 | _aPolitics and International Relations | |
| 650 | 0 |
_aRusya (Federasyon) _xSiyaset ve yönetim _x1991- |
|
| 650 | 0 |
_aRussia (Federation) _xPolitics and government _x1991- |
|
| 650 | 0 |
_aRusya (Federation _xSosyal şartlar _x1991- |
|
| 650 | 0 |
_aRussia (Federation) _xSocial conditions _x1991- |
|
| 650 | 0 |
_aRusya (Federation _xEkonomik şartlar _x1991- |
|
| 650 | 0 |
_aRussia (Federation) _xEconomic conditions _x1991- |
|
| 650 | 7 |
_aHISTORY / Europe / Russia & the Former Soviet Union _2bisacsh |
|
| 700 | 1 | _aKurtgözü, Kerem | |
| 856 | 4 | 0 | _uhttp://search.ebscohost.com/login.aspx?direct=true&scope=site&db=e011xww&AN=964919 |
| 999 |
_c10602 _d10602 |
||